Psychology (Record no. 705)
[ view plain ]
| 000 -LEADER | |
|---|---|
| Fixed length control field | 00464nam a2200181 4500 |
| 003 - CONTROL NUMBER IDENTIFIER | |
| Control field | SEACOMMC |
| 005 - DATE AND TIME OF LATEST TRANSACTION | |
| Control field | 20250424115246.0 |
| 008 - FIXED-LENGTH DATA ELEMENTS--GENERAL INFORMATION | |
| Fixed length control field | 241026b |||||||| |||| 00| 0 eng d |
| 020 ## - INTERNATIONAL STANDARD BOOK NUMBER / ISBN | |
| International Standard Book Number | 978-93-32558-54-0 |
| Price | Rs.395.00 |
| 040 ## - CATALOGING SOURCE | |
| Original cataloging agency | SEACOMMC |
| 082 ## - DEWEY DECIMAL CLASSIFICATION NUMBER | |
| Classification number | 150 |
| Book Number | B 265 |
| 100 ## - MAIN ENTRY--PERSONAL NAME | |
| Personal name | Baron, Robert A |
| 245 1# - TITLE STATEMENT | |
| Title | Psychology |
| Statement of responsibility | Robert A. Baron |
| 250 ## - EDITION STATEMENT | |
| Edition statement | 5th ed. |
| 260 ## - IMPRINT | |
| Place of publication | prentices-Hall in India |
| Name of publisher | New Delhi |
| Date of publication | c 20001 |
| 650 ## - SUBJECT ADDED ENTRY--TOPICAL TERM | |
| Topical term | Philosophy |
| 942 ## - ADDED ENTRY ELEMENTS (KOHA) | |
| Koha item type | Books |
| Withdrawn status | Lost status | Source of classification | Damaged status | Not for loan | Home library | Current library | Shelving location | Date acquired | Total Checkouts | Call number | Accession number | Date last seen | Price effective from | Koha item type |
|---|---|---|---|---|---|---|---|---|---|---|---|---|---|---|
| Dewey Decimal Classification | SEACOM MANAGEMENT COLLEGE | SEACOM MANAGEMENT COLLEGE | Reference | 06/11/2007 | 150 B 265 | M-700 | 26/10/2024 | 26/10/2024 | Books |
